| 000 -LEADER | |
|---|---|
| fixed length control field | 00482nam a22001697a 4500 |
| 005 - DATE AND TIME OF LATEST TRANSACTION | |
| control field | 20180316164605.0 |
| 008 - FIXED-LENGTH DATA ELEMENTS--GENERAL INFORMATION | |
| fixed length control field | 160429b xxu||||| |||| 00| 0 eng d |
| 020 ## - INTERNATIONAL STANDARD BOOK NUMBER | |
| ISBN | 81-7188-317-6 |
| 041 ## - LANGUAGE CODE | |
| Language code of text/sound track or separate title | eng |
| 082 ## - DEWEY DECIMAL CLASSIFICATION NUMBER | |
| Item number | 00963 |
| Classification number | 332.673 |
| 100 ## - MAIN ENTRY--AUTHOR NAME | |
| Personal name | Correa ,Carlos and Kumar Nagesh |
| 245 ## - TITLE STATEMENT | |
| Title | Protecting foreign Investment:implications of a WTO regime and policy options |
| 260 ## - PUBLICATION, DISTRIBUTION, ETC. (IMPRINT) | |
| Place of publication | New Delhi |
| Name of publisher | Academic Faundation |
| 300 ## - PHYSICAL DESCRIPTION | |
| Number of Pages | 177 |
| 650 ## - SUBJECT ADDED ENTRY--TOPICAL TERM | |
| Topical Term | Management |
| 942 ## - ADDED ENTRY ELEMENTS (KOHA) | |
| Koha item type | Books |
| Lost status | Damaged status | Home library | Current library | Shelving location | Date acquired | Cost, normal purchase price | Full call number | Accession Number | Koha item type | Collection code |
|---|---|---|---|---|---|---|---|---|---|---|
| JRU Library | JRU Library | SHELF-32-A | 29/04/2016 | 495.00 | 332.673 | 00963 | Books | |||
| JRU Library | JRU Library | SHELF-59-E | 29/04/2016 | 495.00 | 332.673 | 00964 | Books | MANAGEMENT | ||
| JRU Library | JRU Library | SHELF-59-E | 29/04/2016 | 495.00 | 332.673 | 00965 | Books | MANAGEMENT | ||
| JRU Library | SHELF-28-D | 29/04/2016 | 495.00 | 332.673 | 00966 | Books | Reference | |||
| JRU Library | JRU Library | SHELF-59-E | 29/04/2016 | 495.00 | 332.673 | 00967 | Books | MANAGEMENT |